000
00297nam a22001337a 4500
008
181009b xxu||||| |||| 00| 0 eng d
020
_a
9780534410230
041
_a
eng
080
_a
510
100
_a
38
101
_a
MAT
245
_a
Calculus Concepts & Contexts
_c
Cole,J.A
942
_2
udc
_c
BK
999
_c
49162
_d
49162